De lo tradicional a lo turístico: el caso de los trabajadores de Los Pargos, Guanacaste = From traditional to tourism : the case of workers from Los Pargos, Guanacaste /
En el presente artículo se realiza un análisis sobre el desplazamiento de distintos trabajadores hacia el sector turístico, quienes son provenientes de realizar actividades tradicionales como la peca, la agricultura y la ganadería en el cantón de Santa Cruz en Costa Rica.
Spremljeno u:
| Glavni autor: | |
|---|---|
| Format: | Tekst |
| Teme: | |
| Oznake: |
Dodaj oznaku
Bez oznaka, Budi prvi tko označuje ovaj zapis!
|
MARC
| LEADER | 00000 a a2200000 04500 | ||
|---|---|---|---|
| 001 | 43310 | ||
| 003 | |||
| 040 | |||
| 100 | |a Morales Zúñiga, Luis Carlos | ||
| 245 | |a De lo tradicional a lo turístico: el caso de los trabajadores de Los Pargos, Guanacaste = |b From traditional to tourism : the case of workers from Los Pargos, Guanacaste / |c Luis Carlos Morales Zúñiga | ||
| 500 | |a luis23m@gmail.com | ||
| 520 | |a En el presente artículo se realiza un análisis sobre el desplazamiento de distintos trabajadores hacia el sector turístico, quienes son provenientes de realizar actividades tradicionales como la peca, la agricultura y la ganadería en el cantón de Santa Cruz en Costa Rica. | ||
| 590 | |a SSJB/OCTUBRE2012 | ||
| 650 | |a TURISMO | ||
| 650 | |a TRABAJO | ||
| 650 | |a CAMBIO SOCIAL | ||
| 650 | |a CAMBIOECONOMICO | ||
| 650 | |a SOCIOLOGIA | ||
| 650 | |a COSTA RICA | ||
| 773 | |g volumen90, número1 (2011), páginas 37-50 : mapas | ||
| 999 | |c 24301 |d 24301 | ||
